00629nam a2200181Ia 4500952012900000999001700129003000400146005001700150008004100167040000900208082001800217100003000235245006700265260005100332300000900383650001200392942004300404 00102ddc40708LITaMESbMEScENGd2019-02-20g300.00l0o801.95 RAM/Mp23093r2019-02-20 00:00:00w2019-02-20yBKzGR14R3 c36402d36402OSt20201113092647.0190216s9999||||xx |||||||||||||| ||und|| coclc a801.95bRAM/M a Ramanujam, Renga P96327 0aMarxism, Ideology And Literary Criticism /cP Renga Ramanujam bManak Publications Pvt Ltd,c1996.aNew delhi: a199p aHistory cREF2ddch801.95iRAM/Mk801.95mRAM/M